00997nam a2200217Ia 4500008004100000020001800041100002700059245011700086250004000203300006400243490002200307500005300329650019800382700003900580264002600619336002700645337003300672338002800705040003500733084001100768161108s9999 xx 000 0 und d a9789585937826 aDahl, Roald, 1916-1990 aLa maravillosa medicina de Jorge /c Roald Dahl ; ilustraciones de Quentin Blake ; traducido por Maribel de Juan aPrimera edición, 1a reimpresión a137 páginas :b ilustraciones en blanco y negro ;c 20 cm aRoald Dahl : + 10 aTítulo original: George´s marvellous medicine aLiteratura Infantil Inglesa / Novela Infantil Inglesa / Autores Ingleses / Animales De La Granja - Novela / Poderes Magicos - Novela / Abuelas - Novela / Humor - Novela / Desde Los 6 A{Aelig}Os aBlake, Quentin \\ Juan, Maribel de aBogotá :b Loqueleo atextobtxt2rdacontent asin mediaciónbn2rdamedia avolumenbnc2rdacarrier aCO-BoRNBPbspaerdacCO-BoRNBP aN DAH1